Financial management : (Record no. 88429)

MARC details
000 -LEADER
fixed length control field 00606nam a22001937a 4500
005 - DATE AND TIME OF LATEST TRANSACTION
control field 20140910164410.0
010 ## - LCCN (DPL NO)
LC control number ENG-110793
020 ## - INTERNATIONAL STANDARD BOOK NUMBER
International Standard Book Number 9789351610038
Terms of availability 750.00
035 ## - SYSTEM CONTROL NUMBER
System control number EN-94325
037 ## - SOURCE OF ACQUISITION
Source of stock number/acquisition DBAD/PUB
082 ## - DEWEY DECIMAL CLASSIFICATION NUMBER
Classification number 657.48
100 ## - MAIN ENTRY--PERSONAL NAME
Personal name Maheshwari, S.N.
245 ## - TITLE STATEMENT
Title Financial management :
Statement of responsibility, etc by S.N. Maheshwari
Remainder of title principles & practice for M.Com., MBA,CA,CS & CMA examinations /
250 ## - EDITION STATEMENT
Edition statement 14th enl. ed
260 ## - PUBLICATION, DISTRIBUTION, ETC. (IMPRINT)
Place of publication, distribution, etc New Delhi
Name of publisher, distributor, etc Sultan Chand
Date of publication, distribution, etc 2014
270 ## - ADDRESS
Address 23, Daryaganj
City New Delhi
Postal code 110002
300 ## - PHYSICAL DESCRIPTION
Extent various pagings
Dimensions 26cm(pbk)
942 ## - ADDED ENTRY ELEMENTS (KOHA)
Source of classification or shelving scheme Dewey Decimal Classification
Item type English Books
Classification part 657.48
Call number suffix MAH
Holdings
Withdrawn status Lost status Not for loan Collection code Home library Current library Date acquired Source of acquisition Cost, normal purchase price Full call number Barcode Copy number Cost, replacement price Koha item type
    Not For Loan Non-fiction D.B.Act.Division D.B.Act.Division 09/09/2014 DBAD/PUB 750.00 657.48 MAH EN-94325 1 750.00 English Books

© Delhi Public Library
Hit Counter
free hit counter